|
|
|
|
| LEADER |
00000nab a2200000 ar4500 |
| 001 |
vtls009004807 |
| 003 |
SK-MaSNL |
| 005 |
20260303065648.0 |
| 008 |
070703c2007 xo wr|p|||||||000 b|slo |
| 038 |
|
|
|a PPPK
|
| 040 |
|
|
|a PPPKCL
|b slo
|c PPPK
|e AACR2
|
| 041 |
0 |
|
|a slo
|
| 044 |
|
|
|a xo
|c SK
|
| 080 |
|
|
|a 796.035.093
|2 1997
|
| 245 |
0 |
0 |
|a Skončila sa letná časť športovej olympiády detí a mládeže
|c [autor] (pjp) ; foto Jozef Pavlík
|
| 300 |
|
|
|b Fotogr.
|
| 611 |
2 |
7 |
|a Športová olympiáda detí a mládeže
|n (12. :
|d 2007 :
|c Poprad, Slovensko)
|2 pppkcl
|9 1065801
|
| 648 |
|
7 |
|a 2007
|2 pppkcl
|9 313226
|
| 650 |
0 |
7 |
|a deti a mládež
|2 pppkcl
|9 774
|
| 650 |
0 |
7 |
|a športové aktivity
|2 pppkcl
|9 49994
|
| 650 |
0 |
7 |
|a športové súťaže
|2 pppkcl
|9 1047
|
| 650 |
0 |
7 |
|a výsledky
|2 pppkcl
|9 493505
|
| 651 |
|
7 |
|a Poprad (Slovensko)
|2 pppkcl
|9 20155
|
| 700 |
1 |
|
|a Pavlík, Jozef
|4 pht
|4 aut
|9 5583
|
| 773 |
0 |
|
|t Poprad : noviny občanov mesta
|g Roč. XVIII, č. 41 (2007), s. 4
|
| 852 |
|
|
|a PPPK
|b KIS3GCP
|
| 999 |
|
|
|c 1752096
|d 1754026
|